Analýza podniku použitím metód operačného výskumu bakalárska práca

Enregistré dans:
Détails bibliographiques
Auteur principal: Schmidtová, Silvia
Collectivité auteur: Fakulta hospodárskej informatiky EU. Katedra operačného výskumu a ekonometrie
Autres auteurs: Pekár, Juraj, 1972-
Format: Livre
Langue:slovaque
Publié: Bratislava 2012
Tags: Ajouter un tag
Pas de tags, Soyez le premier à ajouter un tag!

MARC

LEADER 00000nbm a2200000 4500
001 0156271
005 20161109111949.5
041 0 |a slo 
044 |a SK 
245 1 0 |a Analýza podniku použitím metód operačného výskumu  |b bakalárska práca  |c Silvia Schmidtová ; školiteľ: Juraj Pekár 
264 1 |a Bratislava  |c 2012 
300 |a 50 s. 
100 1 |a Schmidtová, Silvia 
700 1 |a Pekár, Juraj, 1972- 
710 2 |a Fakulta hospodárskej informatiky EU. Katedra operačného výskumu a ekonometrie